[Event "GER-chT Youth Countries 2019"]
[Site "Wuerzburg"]
[Date "2019.10.02"]
[Round "1"]
[White "Dietz, Kristin"]
[Black "Gressler, Christian"]
[Result "1-0"]
[WhiteElo "1948"]
[BlackElo "1464"]
[Annotator "NA"]
[PlyCount "97"]
[EventDate "2019.10.02"]
[EventType "team-tourn"]
[EventRounds "7"]
[EventCountry "GER"]
[SourceTitle "playchess.com"]
[Source "ChessBase"]
[SourceQuality "1"]
[WhiteTeam "Germany"]
[BlackTeam "Germany"]
[WhiteTeamCountry "GER"]
[BlackTeamCountry "GER"]
[TimeControl "40/5400+30:1800+30"]

1. e4 {[%emt 0:00:00]} e6 {[%emt 0:00:00]} 2. d4 {[%emt 0:00:00]} d5 {[%emt 0:00:00]} 3. Nd2 {[%emt 0:00:00]} Nf6 {[%emt 0:00:00]} 4. e5 {[%emt 0:00:00]} Nfd7 {[%emt 0:00:00]} 5. Bd3 {[%emt 0:00:09]} c5 {[%emt 0:00:08]} 6. c3 {[%emt 0:00:12]} Nc6 {[%emt 0:00:10]} 7. Ne2 {[%emt 0:00:26]} cxd4 {[%emt 0:00:59]} 8. cxd4 {[%emt 0:00:11]} f6 {[%emt 0:00:32]} 9. exf6 {[%emt 0:00:31]} Nxf6 {[%emt 0:00:35]} 10. Nf3 {[%emt 0:00:10]} Bd6 {[%emt 0:02:59]} 11. O-O {[%emt 0:00:31]} O-O {[%emt 0:03:52]} 12. Bf4 {[%emt 0:05:32]} Ne4 {[%emt 0:18:26]} 13. Bxd6 {[%emt 0:02:32]} Nxd6 {[%emt 0:02:51]} 14. Nc3 {[%emt 0:01:17]} Nf5 {[%emt 0:04:29]} 15. Ne2 {[%emt 0:10:15]} Nh4 {[%emt 0:04:38]} 16. Nxh4 {[%emt 0:12:54]} Qxh4 {[%emt 0:00:22]} 17. Qd2 {[%emt 0:03:38]} Bd7 {[%emt 0:02:34]} 18. Qe3 {[%emt 0:09:25]} Rae8 {[%emt 0:03:37]} 19. Qg3 {[%emt 0:01:38]} Qxg3 {[%emt 0:01:10]} 20. fxg3 {[%emt 0:04:03]} Nb4 {[%emt 0:00:20]} 21. Nf4 {[%emt 0:09:07]} g5 {[%emt 0:03:01]} 22. a3 {[%emt 0:00:24]} gxf4 {[%emt 0:00:32]} 23. axb4 {[%emt 0:00:06]} fxg3 {[%emt 0:00:33]} 24. Rxa7 {[%emt 0:01:17]} gxh2+ {[%emt 0:00:33]} 25. Kxh2 {[%emt 0:00:07]} Rxf1 {[%emt 0:04:53]} 26. Bxf1 {[%emt 0:00:02]} Rb8 {[%emt 0:00:54]} 27. b5 {[%emt 0:01:25]} Kf8 {[%emt 0:00:36]} 28. b6 {[%emt 0:00:57]} Ke7 {[%emt 0:00:42]} 29. Kg3 {[%emt 0:14:07]} Kd6 {[%emt 0:00:40]} 30. Ra3 {[%emt 0:00:05]} Rg8+ {[%emt 0:05:29]} 31. Kh4 {[%emt 0:02:34]} Rf8 {[%emt 0:00:20]} 32. Rf3 {[%emt 0:02:22]} Rxf3 {[%emt 0:01:01]} 33. gxf3 {[%emt 0:00:02]} Be8 {[%emt 0:00:20]} 34. f4 {[%emt 0:01:46]} Bg6 {[%emt 0:00:13]} 35. Bh3 {[%emt 0:00:26]} h6 {[%emt 0:01:07]} 36. Bg4 {[%emt 0:00:53]} Ke7 {[%emt 0:00:08]} 37. Be2 {[%emt 0:00:35]} Be8 {[%emt 0:01:38]} 38. Kg4 {[%emt 0:08:00]} Kf6 {[%emt 0:00:50]} 39. Bd3 {[%emt 0:00:37]} h5+ {[%emt 0:00:34]} 40. Kh4 {[%emt 0:00:18]} Bg6 {[%emt 0:00:13]} 41. Ba6 {[%emt 0:30:20]} bxa6 {[%emt 0:34:45]} 42. b7 {[%emt 0:00:07]} Bf5 {[%emt 0:01:43]} 43. b8=Q {[%emt 0:00:15]} Bg4 {[%emt 0:00:13]} 44. Qe5+ {[%emt 0:00:39]} Kf7 {[%emt 0:00:31]} 45. Qc7+ {[%emt 0:00:32]} Kf6 {[%emt 0:00:23]} 46. Qd8+ {[%emt 0:00:09]} Kf7 {[%emt 0:00:24]} 47. Kg5 {[%emt 0:00:13]} Bf5 {[%emt 0:00:51]} 48. Qd7+ {[%emt 0:00:07]} Kf8 {[%emt 0:00:32]} 49. Kf6 {[%emt 0:00:06] normal} 1-0

[Event "GER-chT Youth Countries 2019"]
[Site "Wuerzburg"]
[Date "2019.10.02"]
[Round "1"]
[White "Moenster, Madita"]
[Black "Riddell, Joshua S."]
[Result "1-0"]
[WhiteElo "1916"]
[BlackElo "2130"]
[Annotator "NA"]
[PlyCount "81"]
[EventDate "2019.10.02"]
[EventType "team-tourn"]
[EventRounds "7"]
[EventCountry "GER"]
[SourceTitle "playchess.com"]
[Source "ChessBase"]
[SourceQuality "1"]
[WhiteTeam "Germany"]
[BlackTeam "Germany"]
[WhiteTeamCountry "GER"]
[BlackTeamCountry "GER"]
[TimeControl "40/5400+30:1800+30"]

1. e4 {[%emt 0:00:00]} e5 {[%emt 0:00:00]} 2. Nf3 {[%emt 0:00:00]} Nc6 {[%emt 0:00:00]} 3. Bb5 {[%emt 0:00:00]} a6 {[%emt 0:00:01]} 4. Ba4 {[%emt 0:00:02]} Nf6 {[%emt 0:00:13]} 5. O-O {[%emt 0:00:13]} Be7 {[%emt 0:00:15]} 6. Re1 {[%emt 0:00:07]} b5 {[%emt 0:00:30]} 7. Bb3 {[%emt 0:00:11]} d6 {[%emt 0:00:07]} 8. c3 {[%emt 0:01:03]} O-O {[%emt 0:00:15]} 9. h3 {[%emt 0:00:40]} Na5 {[%emt 0:00:14]} 10. Bc2 {[%emt 0:00:49]} c5 {[%emt 0:01:33]} 11. d4 {[%emt 0:01:25]} Qc7 {[%emt 0:00:51]} 12. Nbd2 {[%emt 0:04:02]} Bd7 {[%emt 0:04:43]} 13. Nf1 {[%emt 0:05:55]} cxd4 {[%emt 0:02:08]} 14. cxd4 {[%emt 0:00:36]} Rac8 {[%emt 0:00:10]} 15. Ne3 {[%emt 0:05:11]} Rfd8 {[%emt 0:03:08]} 16. b3 {[%emt 0:06:44]} Nc6 {[%emt 0:03:47]} 17. Bb2 {[%emt 0:05:49]} h6 {[%emt 0:06:16]} 18. Rc1 {[%emt 0:06:05]} exd4 {[%emt 0:07:52]} 19. Nxd4 {[%emt 0:10:44]} Nxd4 {[%emt 0:03:36]} 20. Bxd4 {[%emt 0:01:51]} Qb7 {[%emt 0:02:52]} 21. Qf3 {[%emt 0:09:12]} Nh7 {[%emt 0:06:11]} 22. Nf5 {[%emt 0:07:00]} Bxf5 {[%emt 0:00:38]} 23. Qxf5 {[%emt 0:00:59]} g6 {[%emt 0:03:59]} 24. Qg4 {[%emt 0:03:00]} Bg5 {[%emt 0:04:41]} 25. f4 {[%emt 0:01:58]} Bf6 {[%emt 0:01:46]} 26. e5 {[%emt 0:04:57]} h5 {[%emt 0:00:15]} 27. Qg3 {[%emt 0:06:06]} dxe5 {[%emt 0:00:50]} 28. fxe5 {[%emt 0:07:39]} Rxd4 {[%emt 0:01:30]} 29. exf6 {[%emt 0:00:19]} Rxc2 {[%emt 0:01:50]} 30. Re8+ {[%emt 0:02:53]} Nf8 {[%emt 0:00:13]} 31. Rxc2 {[%emt 0:00:30]} Qb6 {[%emt 0:02:15]} 32. Kh2 {[%emt 0:02:41]} Rd1 {[%emt 0:03:08]} 33. Qe3 {[%emt 0:05:25]} Qxf6 {[%emt 0:01:29]} 34. Rcc8 {[%emt 0:01:25]} Qd6+ {[%emt 0:00:29]} 35. Qe5 {[%emt 0:00:55]} Qxe5+ {[%emt 0:00:10]} 36. Rxe5 {[%emt 0:00:05]} Kg7 {[%emt 0:00:07]} 37. Rc6 {[%emt 0:01:00]} Nd7 {[%emt 0:01:31]} 38. Re8 {[%emt 0:00:44]} Nf6 {[%emt 0:00:40]} 39. Rb8 {[%emt 0:00:34]} Rd2 {[%emt 0:00:39]} 40. Rxa6 {[%emt 0:00:36]} Nd5 {[%emt 0:00:57]} 41. Rd6 {[%emt 0:01:17] normal} 1-0

[Event "GER-chT Youth Countries 2019"]
[Site "Wuerzburg"]
[Date "2019.10.02"]
[Round "1"]
[White "Schnabel, Luise"]
[Black "Reuter, Elisa"]
[Result "1/2-1/2"]
[WhiteElo "1900"]
[BlackElo "1873"]
[Annotator "NA"]
[PlyCount "82"]
[EventDate "2019.10.02"]
[EventType "swiss"]
[EventRounds "7"]
[EventCountry "GER"]
[SourceTitle "playchess.com"]
[Source "ChessBase"]
[SourceQuality "1"]
[WhiteTeam "Berlin"]
[BlackTeam "Thüringen"]
[WhiteTeamCountry "GER"]
[BlackTeamCountry "GER"]
[TimeControl "40/5400+30:1800+30"]

1. e4 {[%emt 0:00:00]} c5 {[%emt 0:00:00]} 2. Nf3 {[%emt 0:00:00]} Nc6 {[%emt 0:00:00]} 3. d4 {[%emt 0:00:00]} cxd4 {[%emt 0:00:00]} 4. Nxd4 {[%emt 0:00:06]} g6 {[%emt 0:00:00]} 5. Nc3 {[%emt 0:00:22]} Bg7 {[%emt 0:00:00]} 6. Nb3 {[%emt 0:00:13]} Nf6 {[%emt 0:00:00]} 7. Be2 {[%emt 0:00:31]} O-O {[%emt 0:00:02]} 8. Bg5 {[%emt 0:00:34]} d6 {[%emt 0:01:33]} 9. O-O {[%emt 0:00:20]} a5 {[%emt 0:00:13]} 10. a4 {[%emt 0:01:07]} Be6 {[%emt 0:02:12]} 11. f4 {[%emt 0:08:37]} Rc8 {[%emt 0:05:05]} 12. Bf3 {[%emt 0:06:44]} Nd7 {[%emt 0:05:19]} 13. Rb1 {[%emt 0:11:53]} Nb4 {[%emt 0:04:11]} 14. Kh1 {[%emt 0:13:16]} Bxb3 {[%emt 0:06:34]} 15. cxb3 {[%emt 0:00:31]} Nc5 {[%emt 0:04:03]} 16. Nd5 {[%emt 0:11:32]} Nc6 {[%emt 0:08:16]} 17. Re1 {[%emt 0:11:07]} Re8 {[%emt 0:06:57]} 18. Bh4 {[%emt 0:11:49]} Nb4 {[%emt 0:07:12]} 19. Nxb4 {[%emt 0:03:42]} axb4 {[%emt 0:00:51]} 20. Re3 {[%emt 0:05:31]} b5 {[%emt 0:10:46]} 21. Be2 {[%emt 0:02:39]} bxa4 {[%emt 0:00:55]} 22. Bb5 {[%emt 0:00:34]} Rf8 {[%emt 0:00:08]} 23. bxa4 {[%emt 0:00:18]} b3 {[%emt 0:13:23]} 24. Qd2 {[%emt 0:02:49]} Rc7 {[%emt 0:03:53]} 25. Rd1 {[%emt 0:01:04]} Qa8 {[%emt 0:01:54]} 26. Qe2 {[%emt 0:01:42]} Ne6 {[%emt 0:03:32]} 27. f5 {[%emt 0:03:10]} Rc2 {[%emt 0:03:39]} 28. Qf1 {[%emt 0:00:28]} Qa7 {[%emt 0:09:07]} 29. Rxb3 {[%emt 0:01:34]} Nc5 {[%emt 0:00:53]} 30. Bf2 {[%emt 0:00:46]} Rxb2 {[%emt 0:01:33]} 31. Rxb2 {[%emt 0:00:19]} Bxb2 {[%emt 0:00:04]} 32. Qe2 {[%emt 0:00:17]} Be5 {[%emt 0:01:28]} 33. Rd5 {[%emt 0:01:09]} Rc8 {[%emt 0:01:10]} 34. g3 {[%emt 0:00:44]} e6 {[%emt 0:01:14]} 35. fxe6 {[%emt 0:00:33]} fxe6 {[%emt 0:00:02]} 36. Qg4 {[%emt 0:00:28]} Qf7 {[%emt 0:01:03]} 37. Rd2 {[%emt 0:00:43]} Nb3 {[%emt 0:00:18]} 38. Re2 {[%emt 0:00:34]} Nd4 {[%emt 0:00:45]} 39. Bxd4 {[%emt 0:00:55]} Bxd4 {[%emt 0:00:11]} 40. Qf4 {[%emt 0:00:32]} Qxf4 {[%emt 0:00:33]} 41. gxf4 {[%emt 0:30:07]} Rf8 {[%emt 0:30:57] normal} 1/2-1/2

[Event "GER-chT Youth Countries 2019"]
[Site "Wuerzburg"]
[Date "2019.10.02"]
[Round "1"]
[White "Glinzner, Alva"]
[Black "Ravina, David"]
[Result "0-1"]
[WhiteElo "1897"]
[BlackElo "2087"]
[Annotator "NA"]
[PlyCount "82"]
[EventDate "2019.10.02"]
[EventType "swiss"]
[EventRounds "7"]
[EventCountry "GER"]
[SourceTitle "playchess.com"]
[Source "ChessBase"]
[SourceQuality "1"]
[WhiteTeam "Schleswig-Holstein"]
[BlackTeam "Hamburg/Schleswig-Holstein"]
[WhiteTeamCountry "GER"]
[BlackTeamCountry "GER"]
[TimeControl "40/5400+30:1800+30"]

1. e4 {[%emt 0:00:00]} e6 {[%emt 0:00:00]} 2. d4 {[%emt 0:00:00]} d5 {[%emt 0:00:00]} 3. Nd2 {[%emt 0:00:09]} Nc6 {[%emt 0:00:02]} 4. c3 {[%emt 0:00:27]} e5 {[%emt 0:07:55]} 5. dxe5 {[%emt 0:07:13]} dxe4 {[%emt 0:19:24]} 6. Qa4 {[%emt 0:09:30]} Bf5 {[%emt 0:09:07]} 7. Ne2 {[%emt 0:05:25]} Nge7 {[%emt 0:17:19]} 8. Ng3 {[%emt 0:16:52]} e3 {[%emt 0:04:17]} 9. fxe3 {[%emt 0:03:45]} Be6 {[%emt 0:05:48]} 10. Nf3 {[%emt 0:04:06]} Qd7 {[%emt 0:03:50]} 11. Bb5 {[%emt 0:09:50]} a6 {[%emt 0:05:57]} 12. Ne4 {[%emt 0:15:50]} Qd5 {[%emt 0:08:13]} 13. Bxc6+ {[%emt 0:05:25]} Nxc6 {[%emt 0:03:37]} 14. Neg5 {[%emt 0:01:05]} Qc4 {[%emt 0:02:16]} 15. Qc2 {[%emt 0:02:56]} Nxe5 {[%emt 0:04:41]} 16. Nxe5 {[%emt 0:02:45]} Qh4+ {[%emt 0:00:06]} 17. Qf2 {[%emt 0:02:53]} Qxg5 {[%emt 0:00:07]} 18. Nf3 {[%emt 0:00:14]} Qh5 {[%emt 0:02:23]} 19. e4 {[%emt 0:05:05]} Bc4 {[%emt 0:02:16]} 20. Be3 {[%emt 0:02:35]} Rd8 {[%emt 0:00:57]} 21. Bd4 {[%emt 0:01:22]} c5 {[%emt 0:01:04]} 22. Be3 {[%emt 0:00:32]} Be7 {[%emt 0:00:06]} 23. b3 {[%emt 0:01:01]} Bd3 {[%emt 0:00:34]} 24. O-O-O {[%emt 0:00:51]} c4 {[%emt 0:00:23]} 25. Bd4 {[%emt 0:01:06]} O-O {[%emt 0:01:07]} 26. Qe3 {[%emt 0:00:33]} Rxd4 {[%emt 0:00:26]} 27. Qxd4 {[%emt 0:00:54]} Ba3+ {[%emt 0:00:05]} 28. Kd2 {[%emt 0:00:05]} Bc5 {[%emt 0:00:05]} 29. Qd5 {[%emt 0:00:26]} Qg4 {[%emt 0:00:53]} 30. Qg5 {[%emt 0:01:08]} Qxe4 {[%emt 0:01:07]} 31. Rhe1 {[%emt 0:00:30]} Qc6 {[%emt 0:00:21]} 32. b4 {[%emt 0:00:44]} Ba7 {[%emt 0:00:42]} 33. Kc1 {[%emt 0:00:24]} Qa4 {[%emt 0:00:08]} 34. Rd2 {[%emt 0:00:16]} Qa3+ {[%emt 0:00:08]} 35. Kd1 {[%emt 0:00:44]} Qxc3 {[%emt 0:00:19]} 36. Qe5 {[%emt 0:00:35]} Qxb4 {[%emt 0:00:07]} 37. Rb2 {[%emt 0:00:09]} Qa4+ {[%emt 0:00:40]} 38. Kc1 {[%emt 0:00:17]} b5 {[%emt 0:00:57]} 39. Qc7 {[%emt 0:01:05]} Bb8 {[%emt 0:00:16]} 40. Qc5 {[%emt 0:00:26]} Bf4+ {[%emt 0:00:43]} 41. Nd2 {[%emt 0:30:36]} h5 {[%emt 0:04:27] normal} 0-1

[Event "GER-chT Youth Countries 2019"]
[Site "Wuerzburg"]
[Date "2019.10.02"]
[Round "1"]
[White "Franke, Luca"]
[Black "Bashylina, Luisa"]
[Result "1/2-1/2"]
[WhiteElo "1872"]
[BlackElo "1933"]
[Annotator "NA"]
[PlyCount "91"]
[EventDate "2019.10.02"]
[EventType "team-tourn"]
[EventRounds "7"]
[EventCountry "GER"]
[SourceTitle "playchess.com"]
[Source "ChessBase"]
[SourceQuality "1"]
[WhiteTeam "Team Süd"]
[BlackTeam "Nordrhein-Westfalen"]
[WhiteTeamCountry "GER"]
[BlackTeamCountry "GER"]
[TimeControl "40/5400+30:1800+30"]

1. e4 {[%emt 0:00:00]} c5 {[%emt 0:00:00]} 2. Nf3 {[%emt 0:00:00]} a6 {[%emt 0:00:00]} 3. d4 {[%emt 0:00:12]} cxd4 {[%emt 0:00:00]} 4. Nxd4 {[%emt 0:00:10]} Nf6 {[%emt 0:00:10]} 5. Nc3 {[%emt 0:00:51]} e5 {[%emt 0:00:09]} 6. Nf3 {[%emt 0:03:10]} Bb4 {[%emt 0:00:09]} 7. Qd3 {[%emt 0:02:03]} d5 {[%emt 0:07:12]} 8. a3 {[%emt 0:06:10]} Bxc3+ {[%emt 0:03:24]} 9. Qxc3 {[%emt 0:00:16]} O-O {[%emt 0:03:39]} 10. Be2 {[%emt 0:09:42]} d4 {[%emt 0:04:16]} 11. Qd3 {[%emt 0:01:01]} Nbd7 {[%emt 0:02:36]} 12. b4 {[%emt 0:02:41]} b5 {[%emt 0:01:50]} 13. O-O {[%emt 0:01:35]} Bb7 {[%emt 0:00:37]} 14. Nd2 {[%emt 0:00:33]} Rc8 {[%emt 0:01:14]} 15. Bb2 {[%emt 0:02:10]} Nb6 {[%emt 0:02:38]} 16. Bf3 {[%emt 0:02:33]} Na4 {[%emt 0:06:55]} 17. Qb3 {[%emt 0:00:46]} Nc3 {[%emt 0:01:06]} 18. Rfe1 {[%emt 0:00:23]} Rc7 {[%emt 0:03:44]} 19. Rac1 {[%emt 0:01:06]} Qa8 {[%emt 0:00:42]} 20. Bxc3 {[%emt 0:03:41]} dxc3 {[%emt 0:00:56]} 21. Nb1 {[%emt 0:00:39]} Nxe4 {[%emt 0:00:50]} 22. Rcd1 {[%emt 0:00:13]} Rfc8 {[%emt 0:03:34]} 23. Re3 {[%emt 0:01:07]} Rc4 {[%emt 0:10:19]} 24. Rdd3 {[%emt 0:04:30]} Rd4 {[%emt 0:09:46]} 25. Nxc3 {[%emt 0:03:01]} Nd2 {[%emt 0:02:44]} 26. Bxb7 {[%emt 0:01:37]} Qxb7 {[%emt 0:00:14]} 27. Qa2 {[%emt 0:01:03]} Nc4 {[%emt 0:06:28]} 28. Rg3 {[%emt 0:01:20]} Qd7 {[%emt 0:01:10]} 29. h3 {[%emt 0:01:25]} f5 {[%emt 0:02:07]} 30. Ne2 {[%emt 0:02:12]} Rd6 {[%emt 0:01:34]} 31. Rxd6 {[%emt 0:00:26]} Qxd6 {[%emt 0:00:06]} 32. Rd3 {[%emt 0:00:12]} Qe7 {[%emt 0:03:04]} 33. Qb3 {[%emt 0:02:34]} Kh8 {[%emt 0:02:36]} 34. Qc3 {[%emt 0:01:59]} Nd6 {[%emt 0:01:03]} 35. Qd2 {[%emt 0:00:47]} Ne4 {[%emt 0:01:27]} 36. Qd1 {[%emt 0:00:14]} h6 {[%emt 0:01:55]} 37. Ng3 {[%emt 0:03:35]} Nxg3 {[%emt 0:01:54]} 38. Rxg3 {[%emt 0:00:01]} Qc7 {[%emt 0:00:48]} 39. Qd5 {[%emt 0:00:54]} Qe7 {[%emt 0:04:28]} 40. Rg6 {[%emt 0:04:31]} Rd8 {[%emt 0:11:13]} 41. Qc6 {[%emt 0:31:53]} e4 {[%emt 0:31:12]} 42. Re6 {[%emt 0:01:01]} Qg5 {[%emt 0:00:00]} 43. Rg6 {[%emt 0:00:00]} Qc1+ {[%emt 0:00:00]} 44. Kh2 {[%emt 0:00:00]} Qf4+ {[%emt 0:00:00]} 45. Rg3 {[%emt 0:00:00]} Qxf2 {[%emt 0:00:00]} 46. Rxg7 {[%emt 0:00:00] normal} 1/2-1/2

[Event "GER-chT Youth Countries 2019"]
[Site "Wuerzburg"]
[Date "2019.10.02"]
[Round "1"]
[White "Möller, Hannah"]
[Black "Hommer, Jeremy"]
[Result "0-1"]
[WhiteElo "1859"]
[BlackElo "2133"]
[Annotator "NA"]
[PlyCount "111"]
[EventDate "2019.10.02"]
[EventType "swiss"]
[EventRounds "7"]
[EventCountry "GER"]
[SourceTitle "playchess.com"]
[Source "ChessBase"]
[SourceQuality "1"]
[WhiteTeam "Bremen/Niedersachsen"]
[BlackTeam "Niedersachsen"]
[WhiteTeamCountry "GER"]
[BlackTeamCountry "GER"]
[TimeControl "40/5400+30:1800+30"]

1. Nf3 {[%emt 0:00:00]} e6 {[%emt 0:00:00]} 2. g3 {[%emt 0:00:00]} b6 {[%emt 0:00:00]} 3. Bg2 {[%emt 0:00:00]} Bb7 {[%emt 0:00:00]} 4. O-O {[%emt 0:00:00]} Nf6 {[%emt 0:00:05]} 5. d4 {[%emt 0:00:24]} g6 {[%emt 0:03:20]} 6. c4 {[%emt 0:00:28]} Bg7 {[%emt 0:00:06]} 7. Nc3 {[%emt 0:00:05]} Ne4 {[%emt 0:03:44]} 8. Nxe4 {[%emt 0:02:40]} Bxe4 {[%emt 0:00:05]} 9. Bf4 {[%emt 0:01:43]} d6 {[%emt 0:05:28]} 10. Qd2 {[%emt 0:02:02]} O-O {[%emt 0:06:35]} 11. Bh6 {[%emt 0:01:48]} Nd7 {[%emt 0:07:54]} 12. Bxg7 {[%emt 0:00:32]} Kxg7 {[%emt 0:00:02]} 13. Qf4 {[%emt 0:06:38]} Bb7 {[%emt 0:13:11]} 14. e4 {[%emt 0:01:05]} f6 {[%emt 0:01:17]} 15. Qe3 {[%emt 0:02:27]} e5 {[%emt 0:04:34]} 16. d5 {[%emt 0:00:11]} a5 {[%emt 0:02:05]} 17. h4 {[%emt 0:00:53]} Qe7 {[%emt 0:06:19]} 18. Nh2 {[%emt 0:00:54]} Rae8 {[%emt 0:03:17]} 19. Ng4 {[%emt 0:04:25]} Nc5 {[%emt 0:03:40]} 20. Qh6+ {[%emt 0:04:24]} Kg8 {[%emt 0:00:25]} 21. f4 {[%emt 0:00:52]} Qg7 {[%emt 0:11:14]} 22. Qxg7+ {[%emt 0:00:36]} Kxg7 {[%emt 0:00:02]} 23. fxe5 {[%emt 0:02:19]} fxe5 {[%emt 0:06:17]} 24. b3 {[%emt 0:02:43]} Bc8 {[%emt 0:00:50]} 25. Ne3 {[%emt 0:01:46]} Bd7 {[%emt 0:00:42]} 26. Nc2 {[%emt 0:03:30]} b5 {[%emt 0:04:40]} 27. Rab1 {[%emt 0:01:35]} bxc4 {[%emt 0:03:25]} 28. bxc4 {[%emt 0:00:40]} Bg4 {[%emt 0:02:15]} 29. Rf2 {[%emt 0:02:55]} Rb8 {[%emt 0:03:42]} 30. Na3 {[%emt 0:01:06]} Rxb1+ {[%emt 0:00:55]} 31. Nxb1 {[%emt 0:00:07]} Rb8 {[%emt 0:00:25]} 32. Nc3 {[%emt 0:00:13]} Rb4 {[%emt 0:01:08]} 33. Bf1 {[%emt 0:01:02]} a4 {[%emt 0:00:57]} 34. Kg2 {[%emt 0:06:28]} a3 {[%emt 0:00:24]} 35. Be2 {[%emt 0:00:32]} Bxe2 {[%emt 0:01:52]} 36. Rxe2 {[%emt 0:01:22]} Rxc4 {[%emt 0:00:20]} 37. Nb5 {[%emt 0:00:03]} Nxe4 {[%emt 0:04:25]} 38. Nxa3 {[%emt 0:00:48]} Nc3 {[%emt 0:00:17]} 39. Nxc4 {[%emt 0:04:36]} Nxe2 {[%emt 0:00:06]} 40. a4 {[%emt 0:00:19]} Nc3 {[%emt 0:02:39]} 41. a5 {[%emt 0:30:05]} Nb5 {[%emt 0:11:25]} 42. a6 {[%emt 0:00:00]} Kf7 {[%emt 0:01:04]} 43. Na5 {[%emt 0:00:00]} Na7 {[%emt 0:00:21]} 44. Nc6 {[%emt 0:00:00]} Nc8 {[%emt 0:01:20]} 45. a7 {[%emt 0:00:00]} Nb6 {[%emt 0:00:14]} 46. Nd8+ {[%emt 0:00:00]} Ke7 {[%emt 0:01:25]} 47. Ne6 {[%emt 0:00:00]} c6 {[%emt 0:12:18]} 48. Nc7 {[%emt 0:00:00]} Kd7 {[%emt 0:00:49]} 49. a8=Q {[%emt 0:00:00]} Nxa8 {[%emt 0:00:02]} 50. Nxa8 {[%emt 0:00:00]} cxd5 {[%emt 0:00:04]} 51. Nb6+ {[%emt 0:00:00]} Kc6 {[%emt 0:00:42]} 52. Na4 {[%emt 0:00:00]} Kb5 {[%emt 0:00:50]} 53. Nb2 {[%emt 0:00:00]} e4 {[%emt 0:00:08]} 54. Kf2 {[%emt 0:00:00]} d4 {[%emt 0:00:26]} 55. Ke2 {[%emt 0:00:00]} d5 {[%emt 0:01:51]} 56. g4 {[%emt 0:00:00] normal} 0-1

[Event "GER-chT Youth Countries 2019"]
[Site "Wuerzburg"]
[Date "2019.10.02"]
[Round "1"]
[White "Kempe, Caius Emilian"]
[Black "Sperling, Niclas"]
[Result "1/2-1/2"]
[WhiteElo "1835"]
[BlackElo "1656"]
[Annotator "NA"]
[PlyCount "97"]
[EventDate "2019.10.02"]
[EventType "swiss"]
[EventRounds "7"]
[EventCountry "GER"]
[SourceTitle "playchess.com"]
[Source "ChessBase"]
[SourceQuality "1"]
[WhiteTeam "Sachsen"]
[BlackTeam "Brandenburg/Berlin"]
[WhiteTeamCountry "GER"]
[BlackTeamCountry "GER"]
[TimeControl "40/5400+30:1800+30"]

1. d4 {[%emt 0:00:00]} Nf6 {[%emt 0:00:00]} 2. c4 {[%emt 0:00:00]} g6 {[%emt 0:00:00]} 3. f3 {[%emt 0:00:10]} Bg7 {[%emt 0:00:41]} 4. e4 {[%emt 0:00:08]} d6 {[%emt 0:00:33]} 5. Nc3 {[%emt 0:00:08]} O-O {[%emt 0:00:42]} 6. Be3 {[%emt 0:02:20]} e5 {[%emt 0:08:14]} 7. d5 {[%emt 0:00:11]} Nbd7 {[%emt 0:00:06]} 8. Nge2 {[%emt 0:00:55]} Nh5 {[%emt 0:10:30]} 9. Qd2 {[%emt 0:02:34]} f5 {[%emt 0:05:26]} 10. O-O-O {[%emt 0:02:23]} f4 {[%emt 0:08:20]} 11. Bf2 {[%emt 0:00:08]} a6 {[%emt 0:05:45]} 12. Kb1 {[%emt 0:00:29]} Rf7 {[%emt 0:05:26]} 13. Nc1 {[%emt 0:02:33]} Qf8 {[%emt 0:02:28]} 14. Nb3 {[%emt 0:02:16]} Nhf6 {[%emt 0:09:18]} 15. Rc1 {[%emt 0:01:42]} b6 {[%emt 0:08:04]} 16. Be2 {[%emt 0:01:16]} Nc5 {[%emt 0:01:51]} 17. Bd1 {[%emt 0:06:26]} Nfd7 {[%emt 0:00:35]} 18. Na1 {[%emt 0:01:11]} Nb8 {[%emt 0:09:41]} 19. h4 {[%emt 0:19:24]} Bh6 {[%emt 0:03:03]} 20. Be2 {[%emt 0:02:59]} Nbd7 {[%emt 0:01:22]} 21. Rcg1 {[%emt 0:08:46]} Nf6 {[%emt 0:03:54]} 22. Nc2 {[%emt 0:01:09]} Nh5 {[%emt 0:01:30]} 23. Bd1 {[%emt 0:04:50]} Bd7 {[%emt 0:00:43]} 24. Ne2 {[%emt 0:03:03]} b5 {[%emt 0:02:53]} 25. b4 {[%emt 0:07:36]} Nb7 {[%emt 0:01:36]} 26. c5 {[%emt 0:03:40]} c6 {[%emt 0:02:29]} 27. dxc6 {[%emt 0:04:43]} Bxc6 {[%emt 0:00:21]} 28. cxd6 {[%emt 0:01:53]} Qxd6 {[%emt 0:00:36]} 29. Qxd6 Nxd6 {[%emt 0:00:02]} 30. Na3 {[%emt 0:02:20]} Rd7 {[%emt 0:02:24]} 31. Bb3+ {[%emt 0:00:23]} Nf7 {[%emt 0:00:36]} 32. Rd1 {[%emt 0:00:29]} Rad8 {[%emt 0:00:21]} 33. Nc3 {[%emt 0:01:52]} Rxd1+ {[%emt 0:01:00]} 34. Rxd1 {[%emt 0:00:01]} Rxd1+ {[%emt 0:00:01]} 35. Nxd1 {[%emt 0:00:01]} Ng3 {[%emt 0:01:29]} 36. Nb2 {[%emt 0:01:38]} Nf1 {[%emt 0:01:47]} 37. Kc2 {[%emt 0:00:49]} Ne3+ {[%emt 0:00:08]} 38. Kd2 {[%emt 0:00:13]} Nxg2 {[%emt 0:01:58]} 39. Nd3 {[%emt 0:00:33]} Bf8 {[%emt 0:02:55]} 40. Nc2 {[%emt 0:01:22]} Bd6 {[%emt 0:00:34]} 41. Ke2 {[%emt 0:33:27]} Kg7 {[%emt 0:03:20]} 42. Kf1 {[%emt 0:00:00]} Ne3+ {[%emt 0:01:08]} 43. Nxe3 {[%emt 0:00:00]} fxe3 {[%emt 0:00:02]} 44. Bxe3 {[%emt 0:00:00]} Nd8 {[%emt 0:01:25]} 45. Nc5 {[%emt 0:00:00]} Bb7 {[%emt 0:01:29]} 46. Nxb7 {[%emt 0:00:00]} Nxb7 {[%emt 0:00:14]} 47. Bd5 {[%emt 0:00:00]} Nd8 {[%emt 0:00:57]} 48. a3 {[%emt 0:00:00]} Bc7 {[%emt 0:01:03]} 49. Ke2 {normal} 1/2-1/2